00689cam a22001817a 450000100100000000500170001000800410002702000150006804000250008308200190010810000350012724500620016226000900022430000210031465000300033595201290036599900130049400000091720200929145434.0760428s1975 quc 000 0 fre  a0885650018 aDO-SdBNPbspacBNPHU a848.914bG577r1 aGodbout, Jacques,d1933-9324413aLe réformiste :btextes tranquilles /cJacques Godbout. aMontréal :bQuinze : distributeur, Les Messageries internationales du livre,c1975. a199 p. ;c23 cm. 4aLiteratura francesa91074 001052758DSaBNPHUbBNPHUcHDd2009-09-04iLF1l0o848.914 G577rp917-10r2020-06-25w2020-06-25yLF1ZPréstamo interno c908d908